[Event "Aktobe Dvorkovich op-A"]
[Site "Aktobe"]
[Date "2025.06.30"]
[Round "9"]
[White "Kurmangaliyeva, Liya"]
[Black "Badelka, Olga"]
[Result "1-0"]
[WhiteElo "2276"]
[BlackElo "2424"]
[PlyCount "117"]
[EventDate "2025.06.22"]
[EventType "swiss"]
[EventRounds "9"]
[EventCountry "KAZ"]
[SourceTitle "CB27_2025"]
[SourceDate "2025.07.02"]
[SourceVersion "1"]
[SourceVersionDate "2025.07.02"]
[SourceQuality "1"]

1. e4 e5 2. Nf3 Nc6 3. Bc4 Bc5 4. c3 Nf6 5. d3 d6 6. Bg5 h6 7. Bh4 a6 8. 0-0 Ba7 9. a4 Bg4 10. Nbd2 g5 11. Bg3 Nh5 12. Kh1 Qf6 13. h3 Bd7 14. Nh2 Nf4 15. Ng4 Qg7 16. Ne3 Ne7 17. b4 h5 18. d4 exd4 19. cxd4 Bxd4 20. Rc1 Bb2 21. Rc2 Bxa4 22. Bb3 Bxb3 23. Nxb3 Rc8 24. Bxf4 gxf4 25. Nd5 Nxd5 26. Qxd5 f3 27. Rg1 Rg8 28. g3 Qe5 29. Qxb7 Qe6 30. Kh2 Bf6 31. Nd2 h4 32. Nxf3 hxg3+ 33. fxg3 Kf8 34. Qxa6 Kg7 35. Qc4 Rge8 36. Re1 Rb8 37. Kg2 Qd7 38. g4 Qb5 39. Qxb5 Rxb5 40. Rc4 c5 41. e5 dxe5 42. bxc5 e4 43. Ng1 Bh4 44. Rec1 Bd8 45. Ne2 Bc7 46. R1c2 Rb3 47. Nc3 e3 48. Re2 Ba5 49. Ne4 Bc7 50. Kf3 Rh8 51. Kg2 Re8 52. c6 Ra3 53. Nc3 Ba5 54. Nb5 Rd3 55. Nd4 Kg6 56. Nf5 Kf6 57. Kf3 Bb6 58. c7 Rc8 59. Rc6+ 1-0

[Event "Aktobe Dvorkovich op-A"]
[Site "Aktobe"]
[Date "2025.06.29"]
[Round "8"]
[White "Nurgaliyeva, Zarina"]
[Black "Kurmangaliyeva, Liya"]
[Result "1-0"]
[WhiteElo "2252"]
[BlackElo "2276"]
[PlyCount "95"]
[EventDate "2025.06.22"]
[EventType "swiss"]
[EventRounds "9"]
[EventCountry "KAZ"]
[SourceTitle "CB27_2025"]
[SourceDate "2025.07.02"]
[SourceVersion "1"]
[SourceVersionDate "2025.07.02"]
[SourceQuality "1"]

1. e4 c5 2. Nf3 Nc6 3. Bb5 d6 4. c3 Nf6 5. Qe2 Bg4 6. d4 cxd4 7. cxd4 d5 8. exd5 Nxd5 9. h3 Bh5 10. g4 Bg6 11. Ne5 Rc8 12. Nc3 Ndb4 13. Be3 e6 14. Rd1 Nd5 15. h4 f6 16. Nxg6 hxg6 17. Bd3 Kf7 18. h5 gxh5 19. gxh5 f5 20. Qf3 Bb4 21. Rc1 Qf6 22. Qg2 Nce7 23. Kf1 Nxc3 24. bxc3 Rxc3 25. Rd1 Nd5 26. Bg5 Qxd4 27. Rh4 Qe5 28. Bc4 Rxc4 29. Rxc4 a5 30. Rh4 Rc8 31. h6 gxh6 32. Rxh6 Rg8 33. Rh7+ Rg7 34. Qh3 Ke8 35. Rc1 Bc3 36. Rh8+ Kd7 37. Rd8+ Kc6 38. Rxd5 Kxd5 39. Rxc3 Rxg5 40. Qd3+ Qd4 41. Qb5+ Ke4 42. Qe2+ Kd5 43. Rd3 Rg4 44. Rxd4+ Rxd4 45. Qb5+ Ke4 46. Qxa5 e5 47. Qb5 Kf3 48. Qb3+ 1-0

[Event "Aktobe Dvorkovich op-A"]
[Site "Aktobe"]
[Date "2025.06.26"]
[Round "5"]
[White "Valiyev, Shahin"]
[Black "Kurmangaliyeva, Liya"]
[Result "1-0"]
[WhiteElo "2421"]
[BlackElo "2276"]
[PlyCount "147"]
[EventDate "2025.06.22"]
[EventType "swiss"]
[EventRounds "9"]
[EventCountry "KAZ"]
[SourceTitle "CB27_2025"]
[SourceDate "2025.07.02"]
[SourceVersion "1"]
[SourceVersionDate "2025.07.02"]
[SourceQuality "1"]

1. e4 e5 2. Nf3 Nf6 3. Nxe5 d6 4. Nf3 Nxe4 5. d4 d5 6. Bd3 Be7 7. 0-0 Nc6 8. c3 Bf5 9. Re1 0-0 10. Qc2 Re8 11. Nbd2 Nxd2 12. Bxd2 Bxd3 13. Qxd3 Qd7 14. Re3 a6 15. Rae1 Bf6 16. Qf5 Re6 17. Rxe6 fxe6 18. Qxe6+ Qxe6 19. Rxe6 Kf7 20. Re2 h6 21. Ne1 Rd8 22. Nd3 b6 23. f4 h5 24. g3 g6 25. Kg2 Ne7 26. h3 a5 27. g4 hxg4 28. hxg4 Nc8 29. Ne5+ Kg7 30. Nf3 Kf7 31. Be1 Nd6 32. Bh4 Bxh4 33. Nxh4 Ne4 34. Nf3 b5 35. Ne5+ Kf6 36. Re3 Rd6 37. b3 c5 38. Rh3 cxd4 39. cxd4 Kg7 40. Rh1 Nc3 41. Kf3 Nxa2 42. Ra1 Nb4 43. Rxa5 Nc2 44. Ra7+ Kg8 45. Rb7 Nxd4+ 46. Ke3 Nxb3 47. Rxb5 d4+ 48. Kd3 Nc1+ 49. Kd2 Na2 50. Rb8+ Kg7 51. Rb7+ Kg8 52. g5 Nc3 53. Kd3 Nd5 54. Nf7 Re6 55. Nh6+ Kh8 56. Rf7 Ne7 57. Kxd4 Re1 58. Kc5 Re6 59. Rf6 Re1 60. Kd6 Nc8+ 61. Kd7 Na7 62. Rxg6 Rd1+ 63. Rd6 Rxd6+ 64. Kxd6 Nb5+ 65. Ke7 Nd4 66. Kf7 Nf3 67. Kf6 Nd2 68. Nf7+ Kg8 69. Nd6 Nf3 70. g6 Nh2 71. f5 Ng4+ 72. Kg5 Ne5 73. f6 Nd7 74. Nf5 1-0

[Event "KAZ-ch (Women)"]
[Site "Astana"]
[Date "2025.06.01"]
[Round "13"]
[White "Kurmangaliyeva, Liya"]
[Black "Kholyavko, Mariya"]
[Result "1-0"]
[WhiteElo "2246"]
[BlackElo "2130"]
[PlyCount "51"]
[EventDate "2025.05.21"]
[EventType "tourn"]
[EventRounds "13"]
[EventCountry "KAZ"]
[SourceTitle "CB24_2025"]
[SourceDate "2025.06.11"]
[SourceVersion "1"]
[SourceVersionDate "2025.06.11"]
[SourceQuality "1"]

1. d4 Nf6 2. Nf3 g6 3. Nbd2 c5 4. e4 cxd4 5. e5 Nd5 6. Bc4 Nf4 7. Nb3 Ne6 8. Nbxd4 Bg7 9. Nxe6 fxe6 10. Bf4 Qa5+ 11. Qd2 Qc5 12. Qe2 Nc6 13. 0-0-0 Rb8 14. h4 Rf8 15. Be3 Qa5 16. Bd2 Qc5 17. Rde1 b5 18. Bd3 Nb4 19. h5 Bb7 20. hxg6 Nxa2+ 21. Kb1 Bd5 22. Qe3 Qc8 23. Rxh7 b4 24. Rxg7 Qc6 25. Qg5 Kd8 26. Qxe7+ 1-0

[Event "KAZ-ch (Women)"]
[Site "Astana"]
[Date "2025.05.25"]
[Round "6"]
[White "Nauanova, Zhaniya"]
[Black "Kurmangaliyeva, Liya"]
[Result "0-1"]
[WhiteElo "2031"]
[BlackElo "2246"]
[PlyCount "98"]
[EventDate "2025.05.21"]
[EventType "tourn"]
[EventRounds "13"]
[EventCountry "KAZ"]
[SourceTitle "CB24_2025"]
[SourceDate "2025.06.11"]
[SourceVersion "1"]
[SourceVersionDate "2025.06.11"]
[SourceQuality "1"]

1. c4 e5 2. Nc3 Bb4 3. g3 Bxc3 4. bxc3 d6 5. Bg2 Nc6 6. d3 Nge7 7. Nf3 0-0 8. 0-0 Be6 9. Ng5 Bg4 10. h3 Bd7 11. f4 exf4 12. gxf4 h6 13. Nf3 Ng6 14. Qe1 f5 15. Rb1 Rb8 16. Qf2 Qf6 17. Bd2 b6 18. Kh2 a6 19. Rg1 Rbe8 20. Bh1 Re7 21. e3 Nd8 22. Nd4 c5 23. Ne2 b5 24. cxb5 axb5 25. Bd5+ Kh7 26. c4 b4 27. a3 bxa3 28. Bc3 Qh4 29. Rg3 Be8 30. Qg2 a2 31. Rg1 Rf6 32. Ba1 Ne6 33. Nc3 Kh8 34. Ne2 Ngf8 35. Nc1 Rg6 36. Rxg6 Nxg6 37. Nxa2 Qh5 38. Bf3 Qh4 39. Nc3 Ra7 40. Bb2 Nef8 41. Nb5 Re7 42. Nxd6 Rxe3 43. Be5 Bd7 44. Nf7+ Kg8 45. Nd6 Kh7 46. Nb7 Qe7 47. Bd6 Qf6 48. Qf2 Rxd3 49. Nxc5 Rxd6 0-1

[Event "KAZ-ch (Women)"]
[Site "Astana"]
[Date "2025.05.22"]
[Round "2"]
[White "Balabayeva, Kseniya"]
[Black "Kurmangaliyeva, Liya"]
[Result "1/2-1/2"]
[WhiteElo "2311"]
[BlackElo "2246"]
[PlyCount "113"]
[EventDate "2025.05.21"]
[EventType "tourn"]
[EventRounds "13"]
[EventCountry "KAZ"]
[SourceTitle "CB24_2025"]
[SourceDate "2025.06.11"]
[SourceVersion "1"]
[SourceVersionDate "2025.06.11"]
[SourceQuality "1"]

1. d4 Nf6 2. c4 e6 3. Nc3 Bb4 4. e3 0-0 5. Bd3 d5 6. a3 dxc4 7. Bxc4 Bd6 8. Nf3 Nc6 9. Bb5 e5 10. Bxc6 exd4 11. exd4 bxc6 12. 0-0 h6 13. h3 Re8 14. Re1 Rxe1+ 15. Qxe1 Bf5 16. Ne5 Qe7 17. Bd2 c5 18. Nf3 Qd7 19. dxc5 Bxc5 20. Be3 Bd6 21. Qf1 Bd3 22. Qd1 c5 23. Nd5 Nxd5 24. Qxd3 Nxe3 25. Qxe3 Qb5 26. Rd1 Bf8 27. Rd2 Re8 28. Qf4 Qb7 29. h4 Re4 30. Qf5 Re6 31. Rd8 Qe7 32. Qd5 Re2 33. Rd7 Qe6 34. Qxe6 fxe6 35. Rd2 Re4 36. Kf1 Be7 37. Rd7 Bf6 38. Rb7 a5 39. g3 Rc4 40. b3 Rc2 41. Rb5 a4 42. bxa4 c4 43. a5 Ra2 44. Rc5 c3 45. g4 g6 46. g5 hxg5 47. hxg5 Bg7 48. Rc8+ Kh7 49. Rc7 Rxa3 50. Nd4 Kg8 51. Nxe6 Be5 52. Rc5 Bd6 53. Rc6 Be7 54. a6 c2 55. Rxc2 Rxa6 56. Nc7 Ra4 57. Nd5 1/2-1/2

[Event "Asia-ch (Women)"]
[Site "Al Ain"]
[Date "2025.05.14"]
[Round "8"]
[White "Girya, Olga"]
[Black "Kurmangaliyeva, Liya"]
[Result "1/2-1/2"]
[WhiteElo "2400"]
[BlackElo "2246"]
[PlyCount "175"]
[EventDate "2025.05.07"]
[EventType "swiss"]
[EventRounds "9"]
[EventCountry "UAE"]
[SourceTitle "CB21_2025"]
[SourceDate "2025.05.21"]
[SourceVersion "1"]
[SourceVersionDate "2025.05.21"]
[SourceQuality "1"]

1. d4 d5 2. c4 dxc4 3. Nf3 Nf6 4. e3 e6 5. Bxc4 c5 6. 0-0 a6 7. dxc5 Bxc5 8. Qxd8+ Kxd8 9. Nbd2 Ke7 10. Be2 Bd7 11. b3 Bb5 12. Nc4 Nbd7 13. Bb2 Nb6 14. Nxb6 Bc4 15. Bd3 Bxd3 16. Nxa8 Bxf1 17. Rc1 Rxa8 18. Rxc5 Bb5 19. Rc7+ Ke8 20. Rxb7 Rc8 21. h3 Rc2 22. Bxf6 gxf6 23. a4 Bd3 24. Nd4 Rc1+ 25. Kh2 e5 26. Nf3 Rb1 27. Kg3 Rb2 28. Nh2 h5 29. Nf3 Kf8 30. Rb6 Kg7 31. b4 Ra2 32. Rd6 Bc4 33. Nd2 Be6 34. a5 Rb2 35. f4 Bc8 36. Nf3 Rxb4 37. Rd5 Bb7 38. Rc5 exf4+ 39. exf4 Kh6 40. Nh4 Rb3+ 41. Kf2 Be4 42. Nf5+ Kg6 43. Nd4 Rb2+ 44. Ke3 Bxg2 45. h4 Ra2 46. Ne2 Bf1 47. Ng3 Bb5 48. Nxh5 Rxa5 49. Ng3 Ra3+ 50. Kf2 Bd3 51. f5+ Kh6 52. Rc6 Kg7 53. Nh5+ Kf8 54. Rc8+ Ke7 55. Ng7 Kd7 56. Ra8 Bc4 57. Nh5 Kd6 58. Nxf6 Ke5 59. Rc8 Bb5 60. Ng4+ Kf4 61. Nh6 Ra2+ 62. Ke1 Re2+ 63. Kd1 Re7 64. Kd2 Rd7+ 65. Kc3 Be2 66. f6 Bh5 67. Rc5 Bf3 68. h5 Be4 69. Ra5 Bd3 70. Ng8 Rd8 71. h6 Bh7 72. Ne7 Rd6 73. Nd5+ Ke4 74. Nb4 Rxf6 75. Rxa6 Rf3+ 76. Kd2 Rh3 77. Nc2 Rh2+ 78. Kc3 Bg6 79. Ra4+ Kf3 80. Nd4+ Ke3 81. Ra7 Rxh6 82. Re7+ Kf2 83. Nc6 Rh3+ 84. Kd4 Rh4+ 85. Ke5 Rc4 86. Nd8 Rc5+ 87. Kf6 Rf5+ 88. Kg7 1/2-1/2

[Event "Asia-ch (Women)"]
[Site "Al Ain"]
[Date "2025.05.11"]
[Round "5"]
[White "Kurmangaliyeva, Liya"]
[Black "Padmini, Rout"]
[Result "1/2-1/2"]
[WhiteElo "2246"]
[BlackElo "2359"]
[PlyCount "36"]
[EventDate "2025.05.07"]
[EventType "swiss"]
[EventRounds "9"]
[EventCountry "UAE"]
[SourceTitle "CB21_2025"]
[SourceDate "2025.05.21"]
[SourceVersion "1"]
[SourceVersionDate "2025.05.21"]
[SourceQuality "1"]

1. e4 c5 2. Nf3 d6 3. d4 cxd4 4. Nxd4 Nf6 5. Nc3 Nc6 6. Bg5 e6 7. Qd2 a6 8. 0-0-0 Be7 9. Bxf6 gxf6 10. f4 Qc7 11. Kb1 b5 12. Nxc6 Qxc6 13. Bd3 Qc5 14. Rhe1 Bd7 15. Re2 h5 16. Rc1 a5 17. e5 fxe5 18. fxe5 dxe5 1/2-1/2

[Event "Asia-ch (Women) Blitz"]
[Site "Al Ain"]
[Date "2025.05.10"]
[Round "3"]
[White "Kurmangaliyeva, Liya"]
[Black "Song, Yuxin"]
[Result "1-0"]
[WhiteElo "2246"]
[BlackElo "2397"]
[PlyCount "67"]
[EventDate "2025.05.10"]
[EventType "swiss (blitz)"]
[EventRounds "9"]
[EventCountry "UAE"]
[SourceTitle "CB20_2025"]
[SourceDate "2025.05.14"]
[SourceVersion "1"]
[SourceVersionDate "2025.05.14"]
[SourceQuality "1"]

1. e4 c5 2. Nf3 Nc6 3. d4 cxd4 4. Nxd4 Qb6 5. Nb3 g6 6. Be3 Qb4+ 7. Nc3 Bg7 8. Qd2 Bxc3 9. bxc3 Qxe4 10. c4 d6 11. f3 Qe6 12. 0-0-0 Nf6 13. Bh6 Ne5 14. Qd4 Nc6 15. Qd2 Ne5 16. Be2 b6 17. Rhe1 Bb7 18. f4 Ne4 19. Qd4 f6 20. fxe5 dxe5 21. Qe3 Nd6 22. c5 bxc5 23. Qxc5 Rc8 24. Qb4 Bxg2 25. Ba6 Rd8 26. Kb1 Kf7 27. Rd2 Bd5 28. Red1 Rb8 29. Qa4 Bf3 30. Rf1 Be4 31. Be3 Bf5 32. Ka1 Rhd8 33. Nc5 Ne4 34. Nxe6 1-0

[Event "Asia-ch (Women) Blitz"]
[Site "Al Ain"]
[Date "2025.05.10"]
[Round "6"]
[White "Omonova, Umida"]
[Black "Kurmangaliyeva, Liya"]
[Result "0-1"]
[WhiteElo "2235"]
[BlackElo "2246"]
[PlyCount "88"]
[EventDate "2025.05.10"]
[EventType "swiss (blitz)"]
[EventRounds "9"]
[EventCountry "UAE"]
[SourceTitle "CB20_2025"]
[SourceDate "2025.05.14"]
[SourceVersion "1"]
[SourceVersionDate "2025.05.14"]
[SourceQuality "1"]

1. e4 c5 2. Nf3 Nc6 3. Bb5 e6 4. 0-0 Nge7 5. Re1 a6 6. Be2 b6 7. c3 d5 8. exd5 Qxd5 9. d4 cxd4 10. cxd4 Bb7 11. Nc3 Qd7 12. Bf1 Nd5 13. Ne4 Be7 14. Bd2 0-0 15. Qb3 h6 16. Rad1 Rfc8 17. a3 Bf8 18. Bc4 Nce7 19. Ne5 Qd8 20. Bc1 Nf5 21. Bf1 Nd6 22. Ng3 b5 23. Qf3 Nf6 24. Qf4 Nc4 25. Nh5 Bd5 26. Be2 Ra7 27. Qg3 Nxh5 28. Bxh5 Nxe5 29. dxe5 Kh8 30. Be3 Rb7 31. Qf4 Rd7 32. Bxf7 g5 33. Qg4 Rxf7 34. h4 Be7 35. Qh5 Kg7 36. Rd4 Rc4 37. Red1 Rxd4 38. Rxd4 Rf5 39. g4 Rf3 40. hxg5 hxg5 41. b4 Qh8 42. Qxh8+ Kxh8 43. Rd1 Rh3 44. Kf1 Bf3 0-1

[Event "Asia-ch (Women) Blitz"]
[Site "Al Ain"]
[Date "2025.05.10"]
[Round "2"]
[White "Sananda, R."]
[Black "Kurmangaliyeva, Liya"]
[Result "0-1"]
[WhiteElo "1746"]
[BlackElo "2246"]
[PlyCount "76"]
[EventDate "2025.05.10"]
[EventType "swiss (blitz)"]
[EventRounds "9"]
[EventCountry "UAE"]
[SourceTitle "CB20_2025"]
[SourceDate "2025.05.14"]
[SourceVersion "1"]
[SourceVersionDate "2025.05.14"]
[SourceQuality "1"]

1. e4 c5 2. Nf3 Nc6 3. d4 cxd4 4. Nxd4 Nf6 5. Nc3 d6 6. Be2 g6 7. Be3 Bg7 8. 0-0 0-0 9. Kh1 Bd7 10. f4 a6 11. Bf2 b5 12. a3 Rc8 13. Qd2 e5 14. fxe5 Nxe5 15. Rad1 Nfg4 16. h3 Nxf2+ 17. Rxf2 Nc4 18. Bxc4 Rxc4 19. Nb3 Be5 20. Qd3 Qh4 21. Rdf1 Be6 22. Nd2 Qh6 23. Nf3 Bg3 24. Rd2 Bf4 25. Re2 Rc5 26. Nd2 Rh5 27. Rf3 Bg4 28. Kg1 Bxf3 29. Qxf3 Bxd2 30. Nd5 Bg5 31. e5 dxe5 32. Rxe5 Qg7 33. Re2 Bd8 34. Nf4 Rf5 35. Qe4 Bc7 36. Nd5 Re5 37. Ne7+ Kh8 38. Qb4 Rxe2 0-1

[Event "Almaty zt 3.4 (Women)"]
[Site "Almaty"]
[Date "2025.04.06"]
[Round "6"]
[White "Kurmangaliyeva, Liya"]
[Black "Omonova, Umida"]
[Result "1-0"]
[WhiteElo "2249"]
[BlackElo "2263"]
[PlyCount "87"]
[EventDate "2025.04.02"]
[EventType "swiss"]
[EventRounds "9"]
[EventCountry "KAZ"]
[SourceTitle "CB15_2025"]
[SourceDate "2025.04.09"]
[SourceVersion "1"]
[SourceVersionDate "2025.04.09"]
[SourceQuality "1"]

1. e4 c5 2. Nf3 e6 3. d4 cxd4 4. Nxd4 Nf6 5. Nc3 Nc6 6. Be2 Bb4 7. 0-0 0-0 8. Nxc6 bxc6 9. e5 Nd5 10. Ne4 f5 11. Nd6 Bxd6 12. exd6 Bb7 13. c4 Nf6 14. Be3 e5 15. Qb3 Qc8 16. f4 e4 17. Bc5 a5 18. Qe3 Qe8 19. h3 Qe6 20. b3 h5 21. Rac1 Kf7 22. Rc3 Rh8 23. a4 h4 24. Qd4 Rhg8 25. Qd2 Nh7 26. Kh1 Qf6 27. Re3 Nf8 28. Bb6 Ne6 29. Bxa5 c5 30. Bc3 Qh6 31. Be5 g5 32. fxg5 Qxg5 33. Bg4 f4 34. Bxf4 Nxf4 35. Re2 Raf8 36. Rxf4+ Ke8 37. Rfxe4+ Bxe4 38. Rxe4+ Kf7 39. Re7+ Kf6 40. Qc3+ Kg6 41. Qd3+ Kf6 42. Qf3+ Kg6 43. Qe4+ Kf6 44. Bxd7 1-0

[Event "Almaty zt 3.4 (Women)"]
[Site "Almaty"]
[Date "2025.04.03"]
[Round "2"]
[White "Kurmangaliyeva, Liya"]
[Black "Shohradova, Leyla"]
[Result "1-0"]
[WhiteElo "2249"]
[BlackElo "2023"]
[PlyCount "113"]
[EventDate "2025.04.02"]
[EventType "swiss"]
[EventRounds "9"]
[EventCountry "KAZ"]
[SourceTitle "CB15_2025"]
[SourceDate "2025.04.09"]
[SourceVersion "1"]
[SourceVersionDate "2025.04.09"]
[SourceQuality "1"]

1. e4 e6 2. d4 d5 3. Nc3 dxe4 4. Nxe4 Bd7 5. Nf3 Bc6 6. Bd3 Nd7 7. 0-0 Ngf6 8. Nc3 Bd6 9. Re1 Qe7 10. a3 a5 11. Bd2 h6 12. Ne5 0-0 13. Qe2 Rfd8 14. Rad1 Nf8 15. Nxc6 bxc6 16. Ne4 c5 17. dxc5 Bxc5 18. Nxc5 Qxc5 19. Bc3 N8d7 20. Bd4 Qe7 21. Bb5 Nb6 22. Bc6 Rab8 23. Qb5 a4 24. Bc5 Rxd1 25. Rxd1 Rd8 26. Re1 Rd6 27. h3 Qd8 28. Bxd6 Qxd6 29. Bf3 Qf4 30. Rd1 e5 31. Qc5 e4 32. Be2 Nbd7 33. Qe3 Qe5 34. Qd4 Qg5 35. Qxa4 Nc5 36. Qd4 Ne6 37. Qe3 Qe5 38. Qc3 Qg5 39. Qg3 Qf5 40. c4 Nf4 41. Bf1 g5 42. a4 h5 43. Qa3 g4 44. h4 Ng6 45. Qg3 Qa5 46. b3 Kg7 47. Qe3 Nxh4 48. c5 Ng6 49. Qd4 h4 50. Bb5 h3 51. gxh3 Nh4 52. Be2 gxh3 53. Kh2 Qa8 54. Rg1+ Ng6 55. Rg5 Qb8 56. Rf5 c6+ 57. Kh1 1-0

[Event "Titled Tuesday intern op 01st Apr Early"]
[Site "Chess.com INT"]
[Date "2025.04.01"]
[Round "11"]
[White "Janik, Igor"]
[Black "Kurmangaliyeva, Liya"]
[Result "1-0"]
[WhiteElo "2527"]
[BlackElo "2272"]
[PlyCount "67"]
[EventDate "2025.04.01"]
[EventType "swiss (blitz)"]
[EventRounds "11"]
[EventCountry "USA"]
[SourceTitle "CB15_2025"]
[SourceDate "2025.04.09"]
[SourceVersion "1"]
[SourceVersionDate "2025.04.09"]
[SourceQuality "1"]

1. b3 e5 2. Bb2 Nc6 3. c4 g6 4. g3 Bg7 5. Bg2 Nge7 6. Nc3 0-0 7. e3 d6 8. Nge2 f5 9. 0-0 Kh8 10. d3 a5 11. Qd2 Be6 12. Nd5 Qd7 13. f4 Bxd5 14. cxd5 Nb4 15. e4 c6 16. a3 Na6 17. d4 exf4 18. Nxf4 fxe4 19. Bxe4 cxd5 20. Nxd5 Rae8 21. Rxf8+ Rxf8 22. Nf4 d5 23. Bg2 b6 24. Re1 Nc7 25. Qd3 Nf5 26. Bh3 Re8 27. Rxe8+ Nxe8 28. Bxf5 gxf5 29. Qa6 Qc6 30. Qe2 Kg8 31. Qe7 Nc7 32. Qd8+ Kf7 33. Qc8 Kf6 34. Qxc7 1-0

[Event "Titled Tuesday intern op 01st Apr Early"]
[Site "Chess.com INT"]
[Date "2025.04.01"]
[Round "8"]
[White "Kurmangaliyeva, Liya"]
[Black "Huynh, Lam Binh Nguyen"]
[Result "1-0"]
[WhiteElo "2272"]
[BlackElo "2027"]
[PlyCount "87"]
[EventDate "2025.04.01"]
[EventType "swiss (blitz)"]
[EventRounds "11"]
[EventCountry "USA"]
[SourceTitle "CB15_2025"]
[SourceDate "2025.04.09"]
[SourceVersion "1"]
[SourceVersionDate "2025.04.09"]
[SourceQuality "1"]

1. d4 e6 2. c4 f5 3. Nc3 Nf6 4. a3 b6 5. Qc2 Bb7 6. f3 Be7 7. e4 fxe4 8. fxe4 0-0 9. Nf3 Ng4 10. Be2 Bh4+ 11. g3 Be7 12. 0-0 e5 13. Nd5 exd4 14. Nxd4 Bc5 15. Rxf8+ Qxf8 16. Bxg4 Bxd4+ 17. Kg2 Na6 18. Bg5 Re8 19. Rf1 Qd6 20. Bf4 Qc6 21. b4 b5 22. Bg5 Qg6 23. h4 bxc4 24. Bf5 Qd6 25. Qxc4 Bxd5 26. exd5 Be5 27. Kh3 Bxg3 28. Rf3 Bh2 29. Qc2 h6 30. Bc1 Be5 31. Qg2 Nb8 32. Bg6 Rf8 33. Rd3 Rf6 34. h5 Qf8 35. Qg4 d6 36. Be3 Nd7 37. Bxa7 Nb6 38. Bxb6 cxb6 39. a4 Rf1 40. Be4 Qf5 41. Bxf5 Rh1+ 42. Kg2 Rh2+ 43. Kg1 Ra2 44. Be6+ 1-0

[Event "Titled Tuesday intern op 01st Apr Early"]
[Site "Chess.com INT"]
[Date "2025.04.01"]
[Round "9"]
[White "Kurmangaliyeva, Liya"]
[Black "Jahnz, Laurin"]
[Result "1/2-1/2"]
[WhiteElo "2272"]
[BlackElo "2157"]
[PlyCount "121"]
[EventDate "2025.04.01"]
[EventType "swiss (blitz)"]
[EventRounds "11"]
[EventCountry "USA"]
[SourceTitle "CB15_2025"]
[SourceDate "2025.04.09"]
[SourceVersion "1"]
[SourceVersionDate "2025.04.09"]
[SourceQuality "1"]

1. d4 d5 2. c4 e6 3. Nf3 c6 4. g3 Bd6 5. Bg2 f5 6. 0-0 Nf6 7. b3 Qe7 8. a4 Na6 9. Ba3 Nb4 10. Nc3 a5 11. Ne5 0-0 12. Bb2 Ne4 13. f3 Nxc3 14. Bxc3 f4 15. gxf4 Rxf4 16. e3 Rh4 17. f4 Rh6 18. Qf3 Bd7 19. Rae1 Be8 20. e4 Bh5 21. Qg3 Bxe5 22. fxe5 Rg6 23. Bxb4 axb4 24. Qh3 Bg4 25. Qd3 Qh4 26. Kh1 Rh6 27. h3 Bxh3 28. Bxh3 Qxh3+ 29. Qxh3 Rxh3+ 30. Kg2 Rxb3 31. exd5 cxd5 32. cxd5 exd5 33. e6 Re8 34. Rf5 Rb2+ 35. Kg1 b3 36. Rxd5 Rd2 37. Rb5 Rxd4 38. Rxb3 Rxa4 39. Rxb7 Ra6 40. e7 Rf6 41. Rb5 Kf7 42. Rbe5 g6 43. Kg2 h5 44. Kg3 Ra6 45. Kg2 Ra7 46. Rf1+ Kg7 47. Rfe1 Ra2+ 48. Kg3 Ra3+ 49. Kg2 Ra7 50. R5e3 Kh6 51. Re6 h4 52. Kh3 Kh5 53. R6e5+ g5 54. Rg1 Ra3+ 55. Kh2 Ra2+ 56. Kh1 Kh6 57. Rgxg5 Rxe7 58. Rh5+ Kg6 59. Rhg5+ Kh6 60. Rh5+ Kg6 61. Rhg5+ 1/2-1/2

[Event "Titled Tuesday intern op 01st Apr Early"]
[Site "Chess.com INT"]
[Date "2025.04.01"]
[Round "10"]
[White "Osmonbekov, Talaibek D"]
[Black "Kurmangaliyeva, Liya"]
[Result "0-1"]
[WhiteElo "2129"]
[BlackElo "2272"]
[PlyCount "62"]
[EventDate "2025.04.01"]
[EventType "swiss (blitz)"]
[EventRounds "11"]
[EventCountry "USA"]
[SourceTitle "CB15_2025"]
[SourceDate "2025.04.09"]
[SourceVersion "1"]
[SourceVersionDate "2025.04.09"]
[SourceQuality "1"]

1. d4 f5 2. e4 fxe4 3. Nc3 Nf6 4. Bg5 Nc6 5. d5 Ne5 6. Qd4 Nf7 7. Bxf6 exf6 8. Qxe4+ Qe7 9. 0-0-0 Qxe4 10. Nxe4 Be7 11. Bc4 d6 12. Nf3 f5 13. Nc3 0-0 14. Rhe1 Bd8 15. h4 a6 16. a4 Bf6 17. g3 Bd7 18. Bb3 Rae8 19. Ne2 Ne5 20. Nxe5 Bxe5 21. f4 Bf6 22. c3 Re3 23. Kd2 Rfe8 24. a5 Bb5 25. Nd4 Bxd4 26. cxd4 Rxb3 27. Rxe8+ Bxe8 28. Kc2 Ba4 29. Re1 Re3+ 30. Kd2 Rxe1 31. Kxe1 Bb3 0-1

[Event "Titled Tuesday intern op 18th Mar Late"]
[Site "Chess.com INT"]
[Date "2025.03.18"]
[Round "5"]
[White "Guimaraes, Diogo Duarte"]
[Black "Kurmangaliyeva, Liya"]
[Result "1-0"]
[WhiteElo "2285"]
[BlackElo "2272"]
[PlyCount "81"]
[EventDate "2025.03.18"]
[EventType "swiss (blitz)"]
[EventRounds "11"]
[EventCountry "USA"]
[SourceTitle "CB13_2025"]
[SourceDate "2025.03.26"]
[SourceVersion "1"]
[SourceVersionDate "2025.03.26"]
[SourceQuality "1"]

1. e4 Nc6 2. d4 d5 3. Nc3 dxe4 4. d5 Ne5 5. Bf4 Ng6 6. Bg3 a6 7. Nh3 Nf6 8. Ng5 Bf5 9. f3 exf3 10. Qxf3 Qd7 11. Bc4 h6 12. Nxf7 Kxf7 13. d6+ Be6 14. Bd3 exd6 15. 0-0 Be7 16. Rae1 Nf8 17. Qh5+ Kg8 18. Qa5 c5 19. Ne4 Nxe4 20. Rxe4 Bf6 21. Qe1 Bf7 22. Ref4 Re8 23. Qd1 d5 24. c3 Ng6 25. Rg4 Ne5 26. Rxf6 Qxg4 27. Qxg4 Nxg4 28. Rb6 Re7 29. h3 Nf6 30. Bd6 Rd7 31. Bxc5 Ne4 32. Bd4 Kh7 33. c4 Re8 34. c5 Rc7 35. b4 Bg6 36. a4 Nd2 37. Bxg6+ Kg8 38. b5 Re1+ 39. Kf2 Rc1 40. bxa6 bxa6 41. Rb8+ 1-0

[Event "Titled Tuesday intern op 18th Mar Late"]
[Site "Chess.com INT"]
[Date "2025.03.18"]
[Round "4"]
[White "Kurmangaliyeva, Liya"]
[Black "Kacharava, Nikoloz"]
[Result "0-1"]
[WhiteElo "2272"]
[BlackElo "2521"]
[PlyCount "58"]
[EventDate "2025.03.18"]
[EventType "swiss (blitz)"]
[EventRounds "11"]
[EventCountry "USA"]
[SourceTitle "CB13_2025"]
[SourceDate "2025.03.26"]
[SourceVersion "1"]
[SourceVersionDate "2025.03.26"]
[SourceQuality "1"]

1. d4 d5 2. c4 e6 3. Nf3 Nf6 4. Nc3 c6 5. g3 Be7 6. Bg2 0-0 7. 0-0 Nbd7 8. Qd3 dxc4 9. Qxc4 b5 10. Qb3 a5 11. Ne5 Nxe5 12. dxe5 Nd5 13. Ne4 Qc7 14. Bf4 a4 15. Qc2 Ba6 16. Rac1 b4 17. Rfe1 Bb5 18. Nc5 Rfd8 19. a3 Nxf4 20. gxf4 Rd4 21. axb4 Rxf4 22. e4 Qxe5 23. Nd3 Bxd3 24. Qxd3 Bxb4 25. Re2 Rg4 26. Rxc6 Qg5 27. Qf3 Rd8 28. h3 Rd1+ 29. Kh2 Qe5+ 0-1

[Event "Titled Tuesday intern op 18th Mar Late"]
[Site "Chess.com INT"]
[Date "2025.03.18"]
[Round "2"]
[White "Lie, Kjetil A"]
[Black "Kurmangaliyeva, Liya"]
[Result "1-0"]
[WhiteElo "2489"]
[BlackElo "2272"]
[PlyCount "101"]
[EventDate "2025.03.18"]
[EventType "swiss (blitz)"]
[EventRounds "11"]
[EventCountry "USA"]
[SourceTitle "CB13_2025"]
[SourceDate "2025.03.26"]
[SourceVersion "1"]
[SourceVersionDate "2025.03.26"]
[SourceQuality "1"]

1. c4 e5 2. Nc3 Be7 3. Nf3 Nc6 4. e3 f5 5. d4 e4 6. d5 exf3 7. dxc6 fxg2 8. cxd7+ Qxd7 9. Qxd7+ Bxd7 10. Bxg2 0-0-0 11. Nd5 Bd6 12. Bd2 Be5 13. 0-0-0 c6 14. Nf4 Nf6 15. Nd3 Bc7 16. Bc3 Be6 17. Nc5 Bxc4 18. Bh3 Ng4 19. b3 Bd5 20. e4 Bf4+ 21. Kb2 Bf7 22. f3 Ne5 23. Bxf5+ Kb8 24. Be6 Bh5 25. Rhf1 b6 26. Nd7+ Nxd7 27. Bxd7 Kc7 28. Bg4 Rxd1 29. Rxd1 Bxg4 30. fxg4 Rg8 31. Rf1 g5 32. h4 h6 33. h5 Re8 34. Bg7 Rxe4 35. Bxh6 Re2+ 36. Kc3 Rg2 37. Bg7 Rxg4 38. h6 Rh4 39. Kd3 Kd6 40. Ke4 Ke6 41. Kf3 Kf5 42. b4 Rh3+ 43. Ke2 g4 44. Bf8 Rh2+ 45. Kd3 Rh3+ 46. Kc4 Kg5 47. Be7+ Kf5 48. Bd6 Rf3 49. h7 Rxf1 50. h8Q Bxd6 51. Qc8+ 1-0